Studies in the genus micrandra II: miscellaneous taxonomic and economic notes (Registro nro. 11403)

Detalles MARC
000 -CABECERA
Campo de control 005190000a22001690004500
090 ## - CLASIFICACIÓN LOCAL
Colección AR
Consecutivo 02332
041 0# - IDIOMA
Código de idioma para texto/pista de sonido o título separado
100 1# - ASIENTO PRINCIPAL--NOMBRE PERSONAL
Nombre personal Evans Schultes, Richard
245 10 - MENCION DE TITULO
Título Studies in the genus micrandra II: miscellaneous taxonomic and economic notes
650 14 - ASIENTO SECUNDARIO DE MATERIA - TERMINO TEMATICO
Término temático o nombre geográfico como elemento de entrada Botánica
650 14 - ASIENTO SECUNDARIO DE MATERIA - TERMINO TEMATICO
Término temático o nombre geográfico como elemento de entrada Plantas útiles
650 14 - ASIENTO SECUNDARIO DE MATERIA - TERMINO TEMATICO
Término temático o nombre geográfico como elemento de entrada Comercialización
651 #4 - ASIENTO SECUNDARIO DE MATERIA - NOMBRE GEOGRAFICO
-- Vaupés
-- Colombia
653 ## - TERMINO DE INDIZACION - NO CONTROLADO
-- Micandra
773 1# - Item fuente:
Título Botanical Museum Leaflets
Especificación de materiales 1203
Descripción física 3-4
Paginas del Articulo 93-111
Lugar, editorial y fecha de publicación 1979
Información sobre la relación 27
942 ## - ELEMENTOS ADICIONALES (KOHA)
Tipo de ítem Artículo
Existencias
Withdrawn status Lost status Damaged status No para préstamo Colección Ubicación Permanente Ubicación actual Fecha de adquisición Fuente de Valor Datos de publicación Seriada Total Checkouts Número topográfico Inventario / Código de Barras Date last seen Ejemplar Price effective from Forma de adquisición Tipo de material
      No para Préstamo Hemeroteca Bogotá Bogotá 27/02/2015 Schmidt, Nubia de Fuera de circulación   AR 02332 012745 25/03/2015 1 25/03/2015   Artículo